[Event "Damen Bundesliga 2013"]
[Site "21.24.3.13 St.Veit/G., 19.-21.4.13 Fuerstenfeld"]
[Date "2013.03.23"]
[Round "3"]
[Board "2"]
[White "Landl, Margot"]
[Black "De Leon, Angelica"]
[Result "1-0"]
[WhiteElo "1778"]
[BlackElo "1611"]
[PlyCount "69"]
[EventDate "2013.03.21"]
[EventType "team"]
[EventRounds "7"]
[EventCountry "AUT"]
[WhiteTeam "SV Schachamazonen"]
[BlackTeam "Union Raiffeisen Oggau"]

1. e4 e5 2. Nf3 Nc6 3. Bb5 a6 4. Ba4 b5 5. Bb3 d6 6. h3 Bb7 7. c3 Na5 8. Bc2 c5
9. d4 Qc7 10. O-O Nf6 11. d5 Be7 12. Nbd2 O-O 13. Re1 h6 14. Nf1 Bc8 15. Ne3
Qd8 16. Nd2 Nh7 17. Ndf1 Ng5 18. Qh5 g6 19. Qxh6 Bxh3 20. Nf5 Bxf5 21. exf5 e4
22. fxg6 fxg6 23. Qxg6+ Kh8 24. Bxg5 Bxg5 25. Bxe4 Ra7 26. Bf5 Rg7 27. Qh5+ Kg8
28. Be6+ Rff7 29. Bxf7+ Rxf7 30. Qg6+ Kf8 31. Re6 Rg7 32. Qh5 Nc4 33. Ng3 Ne5
34. Nf5 Rg8 35. Nxd6 1-0

[Event "Damen Bundesliga 2013"]
[Site "21.24.3.13 St.Veit/G., 19.-21.4.13 Fuerstenfeld"]
[Date "2013.03.23"]
[Round "3"]
[Board "1"]
[White "Horvath, Reka"]
[Black "Saler, Elisabeth"]
[Result "1-0"]
[WhiteElo "2040"]
[BlackElo "1994"]
[PlyCount "65"]
[EventDate "2013.03.21"]
[EventType "team"]
[EventRounds "7"]
[EventCountry "AUT"]
[WhiteTeam "Spg. Feldbach-Kirchberg"]
[BlackTeam "Spg Steyr"]

1. e4 e6 2. d4 d5 3. Nd2 Nf6 4. e5 Nfd7 5. c3 c5 6. Bd3 Nc6 7. Ne2 Qb6 8. Nf3
cxd4 9. cxd4 Bb4+ 10. Bd2 O-O 11. O-O Bxd2 12. Qxd2 f6 13. Nf4 Nd8 14. Qc2 f5
15. Qa4 Nb8 16. Rac1 Bd7 17. Qa3 Nf7 18. Qe7 Qd8 19. Qxd8 Nxd8 20. Rc7 Re8 21.
Rfc1 a5 22. b3 Bc6 23. Nh5 Nf7 24. Ng5 Bd7 25. Nxf7 Kxf7 26. Rxb7 Re7 27. Rcc7
Ke8 28. Bb5 Kd8 29. Nf4 g5 30. Bxd7 Nxd7 31. Nxe6+ Ke8 32. Nc5 Rd8 33. e6 1-0

[Event "Damen Bundesliga 2013"]
[Site "21.24.3.13 St.Veit/G., 19.-21.4.13 Fuerstenfeld"]
[Date "2013.03.23"]
[Round "3"]
[Board "2"]
[White "Bernhard, Julia"]
[Black "Wilfling, Sandra"]
[Result "0-1"]
[WhiteElo "1829"]
[BlackElo "1796"]
[PlyCount "68"]
[EventDate "2013.03.21"]
[EventType "team"]
[EventRounds "7"]
[EventCountry "AUT"]
[WhiteTeam "Spg Steyr"]
[BlackTeam "Spg. Feldbach-Kirchberg"]

1. e4 c5 2. Nf3 d6 3. Bb5+ Bd7 4. Bxd7+ Qxd7 5. O-O Nf6 6. Re1 e6 7. c3 Nc6 8.
d4 cxd4 9. cxd4 Be7 10. Nc3 O-O 11. Bf4 d5 12. e5 Ne8 13. Qe2 Bb4 14. Rac1 Rc8
15. a3 Ba5 16. b4 Bb6 17. Qd3 Ne7 18. Qb5 Qd8 19. Na4 Nc7 20. Qd3 Na6 21. Bg5
Rxc1 22. Rxc1 f6 23. exf6 gxf6 24. Bh6 Rf7 25. Qe2 Nc7 26. Nxb6 axb6 27. Nh4
Ng6 28. Qg4 f5 29. Qg3 Qxh4 30. Rxc7 Qxh6 31. Rc3 Qf4 32. Qh3 Qxd4 33. Rc8+ Kg7
34. Qh5 Qa1+ 0-1

[Event "Damen Bundesliga 2013"]
[Site "21.24.3.13 St.Veit/G., 19.-21.4.13 Fuerstenfeld"]
[Date "2013.03.23"]
[Round "3"]
[Board "2"]
[White "Polterauer, Chiara"]
[Black "Steininger, Barbara"]
[Result "1/2-1/2"]
[WhiteElo "1722"]
[BlackElo "1592"]
[PlyCount "58"]
[EventDate "2013.03.21"]
[EventType "team"]
[EventRounds "7"]
[EventCountry "AUT"]
[WhiteTeam "Schach ohne Grenzen"]
[BlackTeam "Tschaturanga"]

1. e4 c5 2. Nf3 e6 3. d4 cxd4 4. Nxd4 a6 5. Nc3 b5 6. Be3 Bb7 7. f3 Qc7 8. Qd2
Nf6 9. Bd3 Be7 10. O-O O-O 11. Nde2 d5 12. exd5 Nxd5 13. Nxd5 Bxd5 14. b3 Nd7
15. c3 Rac8 16. Rac1 Bc5 17. c4 bxc4 18. Bxc4 Bxe3+ 19. Qxe3 Bxc4 20. Rxc4 Qb6
21. Qxb6 Nxb6 22. Rxc8 Rxc8 23. Rd1 Nd5 24. Rd2 Kf8 25. Kf2 Ke7 26. Kg3 Ne3 27.
Kf2 Nd5 28. Kg3 Ne3 29. Kf2 Nd5 1/2-1/2

[Event "Damen Bundesliga 2013"]
[Site "21.24.3.13 St.Veit/G., 19.-21.4.13 Fuerstenfeld"]
[Date "2013.03.23"]
[Round "3"]
[Board "1"]
[White "Hennings, Margit"]
[Black "Zechner, Andrea"]
[Result "0-1"]
[WhiteElo "1980"]
[BlackElo "1930"]
[PlyCount "84"]
[EventDate "2013.03.21"]
[EventType "team"]
[EventRounds "7"]
[EventCountry "AUT"]
[WhiteTeam "SV ASVOE St. Veit/Glan"]
[BlackTeam "ASK Salzburg"]

1. e4 c6 2. d4 d5 3. e5 Bf5 4. g4 Be4 5. f3 Bg6 6. h4 h5 7. g5 e6 8. Bd3 Bxd3
9. Qxd3 Ne7 10. Ne2 Nd7 11. Ng3 Qb6 12. Nd2 c5 13. c3 g6 14. a4 Nc6 15. Ne2
cxd4 16. cxd4 Nb4 17. Qc3 Be7 18. f4 O-O 19. O-O Rfc8 20. Qb3 Rc2 21. Rf3 Rac8
22. Rc3 Qa6 23. Kf2 Nb6 24. a5 Nd7 25. Qa4 Nb8 26. Rb1 Kf8 27. Rxc8+ Rxc8 28.
b3 Qd3 29. Rb2 Rxc1 30. Nf3 Rc2 31. Rxc2 Nxc2 32. Nfg1 Qe3+ 33. Kf1 a6 34. Qa2
Nxd4 35. Nxd4 Qxd4 36. Ne2 Qd3 37. Qb2 Qh3+ 38. Ke1 Qxh4+ 39. Kd1 Qh1+ 40. Kc2
Qe4+ 41. Kd1 Bb4 42. Qc1 Qd3+ 0-1

[Event "Damen Bundesliga 2013"]
[Site "21.24.3.13 St.Veit/G., 19.-21.4.13 Fuerstenfeld"]
[Date "2013.03.23"]
[Round "3"]
[Board "2"]
[White "Steininger, Sandra"]
[Black "Krassnitzer, Maria"]
[Result "1-0"]
[WhiteElo "1557"]
[BlackElo "1598"]
[PlyCount "97"]
[EventDate "2013.03.21"]
[EventType "team"]
[EventRounds "7"]
[EventCountry "AUT"]
[WhiteTeam "ASK Salzburg"]
[BlackTeam "SV ASVOE St. Veit/Glan"]

1. d4 Nf6 2. g3 e6 3. Bg2 d5 4. Nf3 Be7 5. O-O O-O 6. b3 c5 7. Bb2 Nc6 8. Nbd2
Qb6 9. e3 c4 10. Qc1 cxb3 11. axb3 Na5 12. Ba3 Re8 13. Ne5 Nd7 14. Bxe7 Rxe7
15. Qa3 Nxe5 16. Qxe7 Ng6 17. Qc5 Qxc5 18. dxc5 Nc6 19. Rfc1 Nge5 20. Rcb1 Rb8
21. b4 b6 22. Bf1 Kf8 23. b5 Na5 24. c6 a6 25. f4 Ng4 26. Ra3 axb5 27. Bxb5 Ke7
28. h3 Nf6 29. Nb3 Nc4 30. Ra7+ Kd6 31. Bxc4 dxc4 32. Nd4 Nd5 33. Rxf7 Nxe3 34.
Rxg7 Kc5 35. c3 Nd5 36. Rg5 Kd6 37. Rc1 Ne7 38. Rg7 h6 39. Rd1 Nxc6 40. Nxc6+
Kxc6 41. Rg8 b5 42. Kf2 Kc7 43. Rdd8 b4 44. cxb4 c3 45. Ke1 Ra8 46. Kd1 e5 47.
Rxc8+ Rxc8 48. Rxc8+ Kxc8 49. fxe5 1-0

[Event "Damen Bundesliga 2013"]
[Site "21.24.3.13 St.Veit/G., 19.-21.4.13 Fuerstenfeld"]
[Date "2013.03.24"]
[Round "4"]
[Board "1"]
[White "Hapala, Lisa"]
[Black "Horvath, Reka"]
[Result "1-0"]
[WhiteElo "2027"]
[BlackElo "2040"]
[PlyCount "63"]
[EventDate "2013.03.21"]
[EventType "team"]
[EventRounds "7"]
[EventCountry "AUT"]
[WhiteTeam "ASVOE Pamhagen"]
[BlackTeam "Spg. Feldbach-Kirchberg"]

1. e4 c5 2. Nf3 d6 3. d4 cxd4 4. Nxd4 Nf6 5. Nc3 a6 6. f4 g6 7. Be2 Bg7 8. Be3
O-O 9. O-O Qc7 10. Bf3 Nbd7 11. Qe1 Nb6 12. Rd1 Ng4 13. Bxg4 Bxg4 14. Rd3 Bd7
15. Kh1 Bb5 16. Ndxb5 axb5 17. Bd4 b4 18. Bxb6 Qxb6 19. Nd5 Qc5 20. Nxe7+ Kh8
21. f5 Qxc2 22. Rh3 Rae8 23. Qh4 h6 24. f6 Qd2 25. fxg7+ Kxg7 26. Qf6+ Kh7 27.
Rg3 Qe2 28. Nxg6 Qxf1+ 29. Qxf1 fxg6 30. Qb5 Rxe4 31. Qxb7+ Kh8 32. h3 1-0

[Event "Damen Bundesliga 2013"]
[Site "21.24.3.13 St.Veit/G., 19.-21.4.13 Fuerstenfeld"]
[Date "2013.03.24"]
[Round "4"]
[Board "2"]
[White "Wilfling, Sandra"]
[Black "Horvath, Maria"]
[Result "0-1"]
[WhiteElo "1796"]
[BlackElo "2009"]
[PlyCount "140"]
[EventDate "2013.03.21"]
[EventType "team"]
[EventRounds "7"]
[EventCountry "AUT"]
[WhiteTeam "Spg. Feldbach-Kirchberg"]
[BlackTeam "ASVOE Pamhagen"]

1. d4 d5 2. c4 c6 3. Nf3 Nf6 4. Nc3 dxc4 5. a4 Bf5 6. e3 e6 7. Bxc4 Bb4 8. O-O
O-O 9. Qe2 Bg6 10. Rd1 Nbd7 11. Na2 Be7 12. b4 Qb6 13. Ba3 Rfe8 14. Qb2 h6 15.
Nc3 Rac8 16. Be2 Qc7 17. Rac1 Qb8 18. b5 c5 19. dxc5 Nxc5 20. Nd4 e5 21. Nb3 b6
22. Nxc5 Bxc5 23. Nd5 Nxd5 24. Rxd5 Bxa3 25. Qxa3 Rxc1+ 26. Qxc1 Rc8 27. Qa3
Qc7 28. Rd1 Qc2 29. Kf1 e4 30. Ke1 Kh7 31. Qb4 Qc7 32. Qd6 Qc3+ 33. Qd2 Qb3 34.
Qd4 Rc2 35. Rd2 Rc1+ 36. Rd1 Rc5 37. Rd2 Qb1+ 38. Rd1 Qa2 39. Rd2 Qe6 40. Qd7
Rc1+ 41. Bd1 Qe5 42. Qd6 Qa1 43. Qd4 Qb1 44. Ke2 Bh5+ 45. f3 exf3+ 46. gxf3 Bg6
47. e4 Rc7 48. Qb2 Qxb2 49. Rxb2 f6 50. Rd2 Bh5 51. Ke3 Bf7 52. f4 g5 53. fxg5
hxg5 54. Rd6 Kg7 55. h3 Rc3+ 56. Rd3 Rxd3+ 57. Kxd3 Be6 58. Bg4 Bb3 59. a5 bxa5
60. Kc3 a4 61. Kb4 Kf7 62. Bf5 Ke7 63. Bg4 Kd6 64. Bf3 Ke5 65. Kc3 Kf4 66. Bg2
Kg3 67. Bf1 Kf2 68. Bd3 Kg2 69. e5 fxe5 70. Bf5 Kf3 0-1

[Event "Damen Bundesliga 2013"]
[Site "21.24.3.13 St.Veit/G., 19.-21.4.13 Fuerstenfeld"]
[Date "2013.03.24"]
[Round "4"]
[Board "1"]
[White "Schnegg, Anna-Lena"]
[Black "Kopinits, Anna-Christina"]
[Result "1-0"]
[WhiteElo "2032"]
[BlackElo "2247"]
[PlyCount "117"]
[EventDate "2013.03.21"]
[EventType "team"]
[EventRounds "7"]
[EventCountry "AUT"]
[WhiteTeam "SV Schachamazonen"]
[BlackTeam "ASVOE Wulkaprodersdorf"]

1. e4 c5 2. Nf3 Nc6 3. d4 cxd4 4. Nxd4 Nf6 5. Nc3 e5 6. Ndb5 d6 7. Bg5 a6 8.
Na3 b5 9. Nd5 Be7 10. Bxf6 Bxf6 11. c4 b4 12. Nc2 Rb8 13. b3 O-O 14. Be2 Bg5
15. O-O a5 16. Nce3 Kh8 17. Bg4 Be6 18. Kh1 Ne7 19. Nxe7 Qxe7 20. Nd5 Qd7 21.
Bxe6 fxe6 22. Qg4 Bh6 23. Qh3 Qf7 24. Ne3 Qg6 25. Ng4 Bf4 26. f3 Rb6 27. Qh4
Bd2 28. Rad1 Bc3 29. Qe7 Qf7 30. Qxf7 Rxf7 31. c5 Rc6 32. Rxd6 Rxd6 33. cxd6
Rd7 34. Rd1 Bd4 35. f4 Rxd6 36. fxe5 Rc6 37. Ne3 Bb6 38. Nc4 Bc7 39. Rd7 h6 40.
h3 a4 41. Rd6 Bxd6 42. exd6 Rc8 43. d7 Rd8 44. Ne5 axb3 45. axb3 Kg8 46. Kg1 g5
47. Kf2 h5 48. Ke3 Kg7 49. Kd4 Kf6 50. g3 g4 51. h4 Ke7 52. Nc6+ Kxd7 53. Nxd8
Kxd8 54. Kc5 Kd7 55. e5 Kc7 56. Kxb4 Kb6 57. Kc4 Kc6 58. b4 Kb6 59. b5 1-0

[Event "Damen Bundesliga 2013"]
[Site "21.24.3.13 St.Veit/G., 19.-21.4.13 Fuerstenfeld"]
[Date "2013.03.24"]
[Round "4"]
[Board "2"]
[White "Exler, Veronika"]
[Black "Landl, Margot"]
[Result "1-0"]
[WhiteElo "2109"]
[BlackElo "1778"]
[PlyCount "71"]
[EventDate "2013.03.21"]
[EventType "team"]
[EventRounds "7"]
[EventCountry "AUT"]
[WhiteTeam "ASVOE Wulkaprodersdorf"]
[BlackTeam "SV Schachamazonen"]

1. d4 Nf6 2. c4 e6 3. g3 Bb4+ 4. Bd2 Qe7 5. Bg2 Nc6 6. a3 Bxd2+ 7. Qxd2 d6 8.
e3 a5 9. b3 e5 10. d5 Nb8 11. Nc3 Nbd7 12. Nge2 Nc5 13. Qc2 O-O 14. O-O Bg4 15.
b4 Bxe2 16. Qxe2 axb4 17. axb4 Na6 18. Rfb1 Nd7 19. Ra5 f5 20. Bh3 Rae8 21. e4
fxe4 22. Nxe4 Nf6 23. Rb2 Nxe4 24. Qxe4 Qg5 25. Ra1 Rf4 26. Qe3 Ref8 27. Bg2
Rg4 28. Qxg5 Rxg5 29. Rc1 Rg4 30. h3 Rd4 31. Kf1 h5 32. h4 Rf5 33. Ke2 g5 34.
hxg5 Rxg5 35. Bh3 b6 36. Ra1 1-0

[Event "Damen Bundesliga 2013"]
[Site "21.24.3.13 St.Veit/G., 19.-21.4.13 Fuerstenfeld"]
[Date "2013.03.24"]
[Round "4"]
[Board "1"]
[White "Nagy, Laura"]
[Black "Huber, Elke Carola"]
[Result "1/2-1/2"]
[WhiteElo "1989"]
[BlackElo "1727"]
[PlyCount "120"]
[EventDate "2013.03.21"]
[EventType "team"]
[EventRounds "7"]
[EventCountry "AUT"]
[WhiteTeam "Spg Steyr"]
[BlackTeam "Union Raiffeisen Oggau"]

1. e4 c6 2. d4 d5 3. Nd2 dxe4 4. Nxe4 Bf5 5. Ng3 Bg6 6. Nf3 h6 7. Ne5 Qd6 8.
Nxg6 Qxg6 9. Bd3 Qe6+ 10. Be3 Nf6 11. O-O Qc8 12. Nh5 Nbd7 13. Re1 e6 14. c3
Qc7 15. Bf4 Qa5 16. Nxf6+ Nxf6 17. Be5 Be7 18. Bc2 Qd8 19. Qf3 Bd6 20. Rad1 Qe7
21. Qg3 Bxe5 22. dxe5 Nh5 23. Qf3 g6 24. Rd6 Ng7 25. Rxc6 O-O 26. Rd6 Rfd8 27.
Rxd8+ Rxd8 28. Rd1 b6 29. g3 Ne8 30. Qe3 Kg7 31. Rxd8 Qxd8 32. Qd3 Qg5 33. f4
Qe7 34. b4 Qc7 35. Ba4 Kf8 36. c4 Ke7 37. a3 a5 38. Qd4 h5 39. h3 Qb7 40. Qd3
Qc7 41. Qe4 Ng7 42. g4 Qd8 43. Qb7+ Kf8 44. Qd7 Qh4 45. Qc8+ Ke7 46. Qb7+ Kf8
47. Qb8+ Ne8 48. Qxe8+ Kg7 49. Qc6 Qe1+ 50. Kh2 Qf2+ 51. Qg2 Qxf4+ 52. Qg3 Qd2+
53. Kh1 Qc1+ 54. Kg2 Qxc4 55. Bd1 axb4 56. axb4 Qxb4 57. Be2 Qb2 58. Qe3 hxg4
59. hxg4 b5 60. Kf3 b4 1/2-1/2

[Event "Damen Bundesliga 2013"]
[Site "21.24.3.13 St.Veit/G., 19.-21.4.13 Fuerstenfeld"]
[Date "2013.03.24"]
[Round "4"]
[Board "2"]
[White "De Leon, Angelica"]
[Black "Bernhard, Julia"]
[Result "1-0"]
[WhiteElo "1611"]
[BlackElo "1829"]
[PlyCount "71"]
[EventDate "2013.03.21"]
[EventType "team"]
[EventRounds "7"]
[EventCountry "AUT"]
[WhiteTeam "Union Raiffeisen Oggau"]
[BlackTeam "Spg Steyr"]

1. e4 e5 2. Nf3 Nc6 3. Bc4 Nf6 4. Nc3 Be7 5. h3 Nxe4 6. Nxe4 d5 7. Bd3 dxe4 8.
Bxe4 Bd6 9. d3 h6 10. Nd2 Be6 11. Nc4 O-O 12. c3 Qd7 13. Qh5 f5 14. Bxc6 Qxc6
15. O-O f4 16. Nxe5 Bxe5 17. Qxe5 f3 18. Re1 Rae8 19. Be3 Bxh3 20. Qg3 Bxg2 21.
Bd4 Rxe1+ 22. Rxe1 Qd7 23. Re4 Rf7 24. Rh4 Qa4 25. Qe5 Rf6 26. Qd5+ Rf7 27.
Qd8+ Kh7 28. Qd5 Qe8 29. Re4 Re7 30. Rg4 Rd7 31. Qf5+ Kg8 32. Re4 Qd8 33. Qe6+
Kh7 34. Qf5+ Kh8 35. Qg6 Kg8 36. Re8+ 1-0

[Event "Damen Bundesliga 2013"]
[Site "21.24.3.13 St.Veit/G., 19.-21.4.13 Fuerstenfeld"]
[Date "2013.03.24"]
[Round "4"]
[Board "1"]
[White "Zechner, Andrea"]
[Black "Anker, Christin"]
[Result "1-0"]
[WhiteElo "1930"]
[BlackElo "1867"]
[PlyCount "109"]
[EventDate "2013.03.21"]
[EventType "team"]
[EventRounds "7"]
[EventCountry "AUT"]
[WhiteTeam "ASK Salzburg"]
[BlackTeam "Schach ohne Grenzen"]

1. d4 d5 2. c4 c6 3. Nf3 Nf6 4. Nc3 a6 5. e3 b5 6. cxd5 cxd5 7. h3 Bf5 8. Nh4
Bd7 9. Bd3 e6 10. Nf3 Nc6 11. O-O Bd6 12. Bd2 O-O 13. Rc1 Qe7 14. Qe2 e5 15.
dxe5 Nxe5 16. Nxe5 Qxe5 17. f4 Qe7 18. Qf3 Bc5 19. Rfe1 Bc6 20. Ne2 Ne4 21. Ba5
Rac8 22. Nd4 Bb7 23. Nf5 Qf6 24. Qg4 Qg6 25. Bxe4 dxe4 26. b4 Qxg4 27. hxg4 g6
28. bxc5 gxf5 29. gxf5 Rc6 30. Red1 h5 31. Rd6 Rfc8 32. Rd7 Ba8 33. Kf2 Rf6 34.
Ra7 Bd5 35. a3 Bc4 36. Rd1 Rxf5 37. Bb4 Rf6 38. Rh1 Rf5 39. g4 hxg4 40. Bc3 f6
41. Rhh7 Be6 42. Bd4 Bd5 43. Kg3 Be6 44. Rhe7 Bc4 45. Kxg4 Rd5 46. Bxf6 Be2+
47. Kg3 Rdxc5 48. Be5 Rxe5 49. Rxe5 Bd3 50. f5 Kf8 51. f6 Rc6 52. Rh5 Bc4 53.
Rh8+ Bg8 54. f7 Rg6+ 55. Kh4 1-0

[Event "Damen Bundesliga 2013"]
[Site "21.24.3.13 St.Veit/G., 19.-21.4.13 Fuerstenfeld"]
[Date "2013.03.24"]
[Round "4"]
[Board "2"]
[White "Polterauer, Chiara"]
[Black "Steininger, Sandra"]
[Result "1-0"]
[WhiteElo "1722"]
[BlackElo "1557"]
[PlyCount "23"]
[EventDate "2013.03.21"]
[EventType "team"]
[EventRounds "7"]
[EventCountry "AUT"]
[WhiteTeam "Schach ohne Grenzen"]
[BlackTeam "ASK Salzburg"]

1. e4 e6 2. b3 d5 3. Bb2 dxe4 4. Nc3 f5 5. f3 exf3 6. Nxf3 Nc6 7. Bc4 Na5 8.
Ne5 Nxc4 9. Nxc4 Qh4+ 10. g3 Qh6 11. Nb5 Kd8 12. Ne5 1-0

[Event "Damen Bundesliga 2013"]
[Site "21.24.3.13 St.Veit/G., 19.-21.4.13 Fuerstenfeld"]
[Date "2013.03.24"]
[Round "4"]
[Board "1"]
[White "Hennings, Margit"]
[Black "Steininger, Barbara"]
[Result "0-1"]
[WhiteElo "1980"]
[BlackElo "1592"]
[PlyCount "86"]
[EventDate "2013.03.21"]
[EventType "team"]
[EventRounds "7"]
[EventCountry "AUT"]
[WhiteTeam "SV ASVOE St. Veit/Glan"]
[BlackTeam "Tschaturanga"]

1. e4 c5 2. Nf3 e6 3. d4 cxd4 4. Nxd4 a6 5. Bd3 Qc7 6. O-O b5 7. h3 Bb7 8. Nc3
Nf6 9. a3 Bc5 10. Nb3 Be7 11. Qe2 d6 12. Be3 Nbd7 13. Rad1 Ne5 14. f4 Nc6 15.
Qf2 Nd7 16. f5 Bf6 17. fxe6 fxe6 18. Qg3 Rg8 19. Qg4 Ke7 20. Bf4 Be5 21. Qh4+
Nf6 22. Bxe5 Nxe5 23. Kh1 Raf8 24. Nd4 Qd7 25. Nf3 Ng6 26. Qg5 Qc7 27. Rde1 e5
28. h4 Ke8 29. h5 Nf4 30. g4 Qf7 31. Nxe5 dxe5 32. Qxe5+ Ne6 33. Qb8+ Nd8 34.
Nd5 Qd7 35. Qe5+ Ne6 36. Nf4 Ke7 37. g5 Ng4 38. Nd5+ Kd8 39. Qb8+ Qc8 40. Qd6+
Qd7 41. Qb6+ Kc8 42. c4 Qe8 43. cxb5 Qxh5+ 0-1

[Event "Damen Bundesliga 2013"]
[Site "21.24.3.13 St.Veit/G., 19.-21.4.13 Fuerstenfeld"]
[Date "2013.03.24"]
[Round "4"]
[Board "2"]
[White "Steiner, Magdalena"]
[Black "Stangl, Helga"]
[Result "0-1"]
[WhiteElo "1655"]
[BlackElo "1600"]
[PlyCount "86"]
[EventDate "2013.03.21"]
[EventType "team"]
[EventRounds "7"]
[EventCountry "AUT"]
[WhiteTeam "Tschaturanga"]
[BlackTeam "SV ASVOE St. Veit/Glan"]

1. Nf3 Nf6 2. g3 e6 3. Bg2 d5 4. O-O Be7 5. d3 O-O 6. Nbd2 c5 7. c4 d4 8. Ne5
Qc7 9. Ndf3 Nbd7 10. Bf4 Bd6 11. Nxd7 Nxd7 12. Qc1 Bxf4 13. Qxf4 Qxf4 14. gxf4
Re8 15. Ne5 f6 16. Nxd7 Bxd7 17. b3 Rab8 18. Kh1 Kf8 19. Be4 f5 20. Bf3 Bc6 21.
Bxc6 bxc6 22. Rae1 e5 23. fxe5 Rxe5 24. f3 f4 25. Rf2 Rbe8 26. Rg2 h6 27. h4
Kf7 28. Kh2 Kf6 29. Kh3 R8e7 30. Kg4 g5 31. h5 Re3 32. Rf1 Rxe2 33. Rff2 R2e3
34. Rd2 a5 35. Rgf2 Ra7 36. Rfe2 a4 37. bxa4 Rxa4 38. Rb2 Ra3 39. Rec2 Raxd3
40. Rb6 Re6 41. a4 Ra3 42. Ra6 Rd6 43. Ra5 Rc3 0-1

[Event "Damen Bundesliga 2013"]
[Site "21.24.3.13 St.Veit/G., 19.-21.4.13 Fuerstenfeld"]
[Date "2013.04.19"]
[Round "5"]
[Board "1"]
[White "Schnegg, Anna-Lena"]
[Black "Novkovic, Julia"]
[Result "1-0"]
[WhiteElo "2032"]
[BlackElo "2084"]
[PlyCount "75"]
[EventDate "2013.03.21"]
[EventType "team"]
[EventRounds "7"]
[EventCountry "AUT"]
[WhiteTeam "SV Schachamazonen"]
[BlackTeam "ASVOE Pamhagen"]

1. e4 c5 2. Nf3 d6 3. d4 cxd4 4. Nxd4 Nf6 5. Nc3 a6 6. Be2 g6 7. f4 Nc6 8. Be3
Bg7 9. Bf3 e5 10. Nb3 O-O 11. O-O exf4 12. Bxf4 Qb6+ 13. Kh1 Ne5 14. Qe2 Be6
15. Nd5 Bxd5 16. exd5 Rae8 17. c3 Nfd7 18. Rae1 Qd8 19. Qd2 Nxf3 20. Rxf3 Rxe1+
21. Qxe1 Re8 22. Re3 Rxe3 23. Qxe3 Be5 24. h3 Qf6 25. Bxe5 Nxe5 26. Kg1 Qf5 27.
Kh2 Qc2 28. Qb6 Nf3+ 29. Kg3 Ne1 30. Qf2 Qe4 31. Qd2 Nd3 32. Qg5 Kg7 33. Nd4 h6
34. Ne6+ Qxe6 35. dxe6 hxg5 36. e7 Nxb2 37. e8=Q Nc4 38. Qc8 1-0

[Event "Damen Bundesliga 2013"]
[Site "21.24.3.13 St.Veit/G., 19.-21.4.13 Fuerstenfeld"]
[Date "2013.04.19"]
[Round "5"]
[Board "2"]
[White "Hapala, Lisa"]
[Black "Landl, Margot"]
[Result "1-0"]
[WhiteElo "2027"]
[BlackElo "1778"]
[PlyCount "77"]
[EventDate "2013.03.21"]
[EventType "team"]
[EventRounds "7"]
[EventCountry "AUT"]
[WhiteTeam "ASVOE Pamhagen"]
[BlackTeam "SV Schachamazonen"]

1. e4 c6 2. d4 d5 3. Nc3 dxe4 4. Nxe4 Bf5 5. Ng3 Bg6 6. Nf3 Nd7 7. h4 h6 8. h5
Bh7 9. Bd3 Bxd3 10. Qxd3 e6 11. Bd2 Ngf6 12. O-O-O Be7 13. Ne4 Nxe4 14. Qxe4
Nf6 15. Qd3 Ng4 16. Qe2 Qd5 17. c4 Qf5 18. Ne5 Nxe5 19. dxe5 O-O-O 20. g4 Qd3
21. Qxd3 Rxd3 22. Be3 Rxd1+ 23. Kxd1 Rd8+ 24. Ke2 b6 25. f4 f6 26. exf6 gxf6
27. f5 Bf8 28. fxe6 Re8 29. Rd1 Rxe6 30. Kf3 Re5 31. Bf4 Ra5 32. a3 b5 33. Bd6
Bg7 34. Bb4 Ra6 35. Re1 Kd8 36. c5 f5 37. Re2 fxg4+ 38. Kxg4 Kd7 39. Kf5 1-0

[Event "Damen Bundesliga 2013"]
[Site "21.24.3.13 St.Veit/G., 19.-21.4.13 Fuerstenfeld"]
[Date "2013.04.19"]
[Round "5"]
[Board "1"]
[White "Kopinits, Anna-Christina"]
[Black "Horvath, Reka"]
[Result "1-0"]
[WhiteElo "2247"]
[BlackElo "2040"]
[PlyCount "83"]
[EventDate "2013.03.21"]
[EventType "team"]
[EventRounds "7"]
[EventCountry "AUT"]
[WhiteTeam "ASVOE Wulkaprodersdorf"]
[BlackTeam "Spg. Feldbach-Kirchberg"]

1. e4 c5 2. b3 b6 3. c4 Bb7 4. Nc3 g6 5. Nge2 Bg7 6. d4 cxd4 7. Nxd4 Nc6 8. Be3
d6 9. Be2 Nf6 10. O-O O-O 11. f3 Nd7 12. Nxc6 Bxc6 13. Qd2 Nc5 14. Rab1 Qb8 15.
b4 Nd7 16. Nd5 Qd8 17. Rfc1 Ne5 18. c5 e6 19. Nc3 dxc5 20. Qxd8 Rfxd8 21. bxc5
Nd3 22. Bxd3 Rxd3 23. Nd1 b5 24. Kf2 Rad8 25. Ke2 a5 26. Rb3 R3d7 27. Nb2 b4
28. Nc4 Bb5 29. Kf2 Bc3 30. Nd6 Bc6 31. a3 Ba4 32. Rbxc3 bxc3 33. Rxc3 Rb8 34.
Nc4 Ra7 35. c6 Ra6 36. c7 Rc8 37. Nb6 Rxb6 38. Bxb6 Kf8 39. Rd3 Ke7 40. Rd8 Bd7
41. Bc5+ Kf6 42. Rxd7 1-0

[Event "Damen Bundesliga 2013"]
[Site "21.24.3.13 St.Veit/G., 19.-21.4.13 Fuerstenfeld"]
[Date "2013.04.19"]
[Round "5"]
[Board "2"]
[White "Wilfling, Sandra"]
[Black "Newrkla, Katharina"]
[Result "1/2-1/2"]
[WhiteElo "1796"]
[BlackElo "2126"]
[PlyCount "130"]
[EventDate "2013.03.21"]
[EventType "team"]
[EventRounds "7"]
[EventCountry "AUT"]
[WhiteTeam "Spg. Feldbach-Kirchberg"]
[BlackTeam "ASVOE Wulkaprodersdorf"]

1. d4 d5 2. c4 c6 3. Nf3 Nf6 4. Nc3 dxc4 5. a4 Bf5 6. e3 e6 7. Bxc4 Bb4 8. O-O
Nbd7 9. Qe2 Bg6 10. Rd1 O-O 11. Na2 Bd6 12. b3 Qe7 13. Bb2 Bh5 14. e4 e5 15. d5
cxd5 16. Bxd5 Nc5 17. Nc3 a6 18. h3 Rfd8 19. b4 Ne6 20. Bxe6 Qxe6 21. b5 a5 22.
Qe3 Bb4 23. Ne2 Nd7 24. Ng3 Bg6 25. Nh4 f6 26. Nxg6 hxg6 27. Ba3 Bxa3 28. Qxa3
Nb6 29. Rac1 Rac8 30. Rxc8 Qxc8 31. Qb3+ Kh7 32. Rxd8 Qxd8 33. Qf7 Qd1+ 34. Kh2
Qd7 35. Qxd7 Nxd7 36. Ne2 Kg8 37. Kg3 Kf7 38. Kf3 Ke6 39. Ke3 Kd6 40. Kd2 Nb6
41. Nc3 Kc5 42. Kd3 Nc4 43. f3 Nb6 44. g3 g5 45. h4 gxh4 46. gxh4 g6 47. Ke3
Kc4 48. Kd2 Kb4 49. Kd3 Nxa4 50. Nd5+ Kxb5 51. Nxf6 Nc5+ 52. Kc3 Kc6 53. Nd5 a4
54. Kb4 Nb3 55. f4 exf4 56. Nxf4 b5 57. Nxg6 Nd4 58. h5 Ne6 59. e5 Kd5 60. h6
Ng5 61. Nf4+ Kxe5 62. Nd3+ Kd4 63. Nb2 a3 64. Kxa3 Kc3 65. Nd1+ Kd2 1/2-1/2

[Event "Damen Bundesliga 2013"]
[Site "21.24.3.13 St.Veit/G., 19.-21.4.13 Fuerstenfeld"]
[Date "2013.04.19"]
[Round "5"]
[Board "1"]
[White "Froewis, Annika"]
[Black "Tarmastin, Laura"]
[Result "1-0"]
[WhiteElo "2043"]
[BlackElo "1744"]
[PlyCount "97"]
[EventDate "2013.03.21"]
[EventType "team"]
[EventRounds "7"]
[EventCountry "AUT"]
[WhiteTeam "Union Raiffeisen Oggau"]
[BlackTeam "Tschaturanga"]

1. e4 e5 2. Nf3 Nc6 3. Bb5 a6 4. Ba4 Nf6 5. O-O b5 6. Bb3 Be7 7. Re1 O-O 8. c3
d6 9. h3 h6 10. d4 Re8 11. Nbd2 Bf8 12. Nf1 Bd7 13. Ng3 Na5 14. Bc2 c5 15. d5
Nc4 16. Nh2 Bc8 17. Kh1 Ra7 18. Qf3 g6 19. Ngf1 Bg7 20. g4 Nh7 21. Qg3 Rd7 22.
b3 Nb6 23. Ne3 Qe7 24. Rf1 Rdd8 25. Bd2 Nd7 26. a4 Ndf8 27. axb5 axb5 28. Ra5
Bb7 29. Bd3 Ra8 30. Rxa8 Rxa8 31. Bxb5 Ra2 32. Nc4 Nf6 33. Qd3 Ra7 34. Re1 Qc7
35. f4 N6d7 36. Nf3 f6 37. fxe5 fxe5 38. Rf1 Nf6 39. g5 hxg5 40. Nxg5 Ra8 41.
Ne3 Qc8 42. Ng2 Ra7 43. Bc4 Qa8 44. Kh2 Bc8 45. Nh4 Nh5 46. Ne6 Nxe6 47. dxe6
Kh7 48. Qe2 Qb8 49. Rf7 1-0